Estado y movilización étnica en Panamá /

में बचाया:
ग्रंथसूची विवरण
मुख्य लेखक: Castro, Carlos
स्वरूप: मूलपाठ
विषय:
टैग: टैग जोड़ें
कोई टैग नहीं, इस रिकॉर्ड को टैग करने वाले पहले व्यक्ति बनें!

MARC

LEADER 00000 a a2200000 04500
001 7881
003
040
100 |a Castro, Carlos  
245 |a Estado y movilización étnica en Panamá /  |c Carlos Castro 
650 |a ESTADO  
650 |a GRUPOS ETNICOS  
650 |a MOVIMIENTOS SOCIALES  
650 |a ANALISIS HISTORICO  
650 |a ESTADO  
650 |a TEORIA  
773 |g número 48; páginas 115-124  
999 |c 24541  |d 24541 
773 0 |0 18875  |9 5293  |a Universidad de Costa Rica.  |d San José, Costa Rica: Universidad de Costa Rica. Consejo Superior Universitario Centroamericano, 1972-  |o 14337  |t Estudios Sociales Centroamericanos /  |x 03039676